[Event "Mondiale Semilampo 2016"]
[Site "Doha QAT"]
[Date "2016.12.27"]
[Round "10.18"]
[White "Vitiugov, Nikita"]
[Black "Malakhov, Vladimir"]
[Result "1/2-1/2"]
[WhiteTitle "GM"]
[BlackTitle "GM"]
[WhiteElo "2726"]
[BlackElo "2713"]
[WhiteFideId "4152956"]
[BlackFideId "4120787"]
[EventDate "2016.12.26"]

1. d4 d5 2. c4 c6 3. Nf3 Nf6 4. Nc3 a6 5. e3 Bf5 6. Bd2 e6 7. Qb3 Ra7 8. Nh4 Be4
9. cxd5 cxd5 10. f3 Bg6 11. Nxg6 hxg6 12. O-O-O Nc6 13. Kb1 Be7 14. Rc1 O-O 15.
g4 Na5 16. Qd1 b5 17. g5 Nh5 18. f4 Nc4 19. Bd3 Qb6 20. Ne2 Rc7 21. Ng3 Rfc8 22.
Nxh5 gxh5 23. g6 Nxd2+ 24. Qxd2 f5 25. Rxc7 1/2-1/2

[Event "Mondiale Semilampo 2016"]
[Site "Doha QAT"]
[Date "2016.12.27"]
[Round "10.19"]
[White "Henriquez Villagra, Cristobal"]
[Black "Dubov, Daniil"]
[Result "0-1"]
[WhiteTitle "IM"]
[BlackTitle "GM"]
[WhiteElo "2517"]
[BlackElo "2660"]
[WhiteFideId "3409350"]
[BlackFideId "24126055"]
[EventDate "2016.12.26"]

1. e4 g6 2. d4 Bg7 3. Nc3 d6 4. Bg5 h6 5. Be3 a6 6. a4 b6 7. Qd2 Nf6 8. f3 e6 9.
h4 Bb7 10. Nge2 Nc6 11. g4 Nb4 12. Ng3 c5 13. O-O-O Nd7 14. Kb1 Qc7 15. Rg1 Nc6
16. d5 Nd4 17. Be2 O-O-O 18. f4 exd5 19. exd5 Rhe8 20. g5 hxg5 21. hxg5 f5 22.
Rgf1 Nxe2 23. Ngxe2 Re7 24. Bf2 Rde8 25. Ng3 b5 26. axb5 Bxc3 27. Qxc3 axb5 28.
b4 Nb6 29. bxc5 Na4 30. Qb3 Nxc5 31. Qb4 Na4 32. Bd4 Qc4 33. Qxc4+ bxc4 34. Kc1
c3 35. Bf2 Kd7 36. Rfe1 Rxe1 37. Rxe1 Ra8 38. Bd4 Nb6 39. Bxc3 Nxd5 40. Bf6 Ra4
41. Ne2 Ba6 42. Kd2 Bxe2 43. Rxe2 Rxf4 44. Kd3 Rg4 45. Re1 Nf4+ 46. Kd2 Ne6 47.
Kd3 Nc5+ 48. Kc3 Ne4+ 49. Kb3 Nxg5 50. Re7+ Kc6 0-1

[Event "Mondiale Semilampo 2016"]
[Site "Doha QAT"]
[Date "2016.12.27"]
[Round "10.20"]
[White "Borisek, Jure"]
[Black "Salem, A.R. Saleh"]
[Result "1/2-1/2"]
[WhiteTitle "GM"]
[BlackTitle "GM"]
[WhiteElo "2561"]
[BlackElo "2656"]
[WhiteFideId "14603152"]
[BlackFideId "9301348"]
[EventDate "2016.12.26"]

1. e4 c5 2. Nf3 d6 3. Bb5+ Nd7 4. O-O a6 5. Bd3 Ngf6 6. Re1 g6 7. c3 Bh6 8. Bf1
Ne5 9. Nxe5 dxe5 10. a4 b6 11. Na3 Bb7 12. Nc4 Bxe4 13. d3 Bxc1 14. dxe4 Qxd1
15. Rxd1 Bg5 16. Nxb6 Ra7 17. a5 Nxe4 18. Re1 f5 19. Bd3 Nxc3 20. Rxe5 Bf6 21.
Rxc5 Ne4 22. Bxe4 fxe4 23. Rb1 O-O 24. Rc4 Rd8 25. Rxe4 Rd2 26. Nc4 Rc2 27. b3
Rd7 28. g3 Bd4 29. Rf1 Rd5 30. Rxe7 Rf5 31. Ne3 Bxe3 32. Rxe3 Rxa5 33. Rf3 Rac5
34. Re1 Rc1 35. Rxc1 Rxc1+ 36. Kg2 Kg7 37. g4 a5 38. Rd3 Ra1 39. Rd7+ Kg8 40. h4
Ra3 41. Rb7 a4 42. bxa4 Rxa4 43. Kg3 Rc4 44. f3 Ra4 45. Rb5 Kg7 46. h5 Rc4 47.
Kh4 Rf4 48. Rb7+ Kh6 49. Kg3 g5 50. Rb6+ Kg7 51. Kf2 h6 52. Ke3 Ra4 53. Rg6+ Kh7
54. Rd6 Kg7 55. Rd7+ Kg8 56. Rd4 Rxd4 57. Kxd4 Kf8 58. Kc5 Ke7 59. Kd5 Kd7 60.
Ke5 Ke7 61. f4 gxf4 62. Kxf4 Kf6 1/2-1/2

[Event "Mondiale Semilampo 2016"]
[Site "Doha QAT"]
[Date "2016.12.27"]
[Round "10.21"]
[White "Vallejo Pons, Francisco"]
[Black "Moiseenko, Alexander"]
[Result "1-0"]
[WhiteTitle "GM"]
[BlackTitle "GM"]
[WhiteElo "2711"]
[BlackElo "2657"]
[WhiteFideId "2205530"]
[BlackFideId "14102560"]
[EventDate "2016.12.26"]

1. d4 Nf6 2. c4 e6 3. g3 c5 4. Nf3 cxd4 5. Nxd4 d5 6. Bg2 e5 7. Nc2 d4 8. f4 Nc6
9. Bxc6+ bxc6 10. fxe5 Qa5+ 11. Qd2 Qxe5 12. Qxd4 Qxd4 13. Nxd4 Bh3 14. Nc3 Bc5
15. Nb3 Bb4 16. Bd2 O-O-O 17. a3 Bxc3 18. Bxc3 Ne4 19. Bxg7 Rhe8 20. Bd4 Rd7 21.
O-O-O Be6 22. Na5 c5 23. Be3 Rde7 24. Rhe1 Kc7 25. Rd3 Bg4 26. Rb3 Nd6 27. Bf4
Re6 28. Rd1 Bxe2 29. Rxd6 Rxd6 30. Rb7+ 1-0

[Event "Mondiale Semilampo 2016"]
[Site "Doha QAT"]
[Date "2016.12.27"]
[Round "10.22"]
[White "Bortnyk, Olexandr"]
[Black "Perez Ponsa, Federico"]
[Result "1-0"]
[WhiteTitle "GM"]
[BlackTitle "GM"]
[WhiteElo "2581"]
[BlackElo "2585"]
[WhiteFideId "14120828"]
[BlackFideId "117927"]
[EventDate "2016.12.26"]

1. e4 c5 2. Nf3 Nc6 3. Nc3 e6 4. g3 Nf6 5. Bg2 Be7 6. e5 Ng4 7. Qe2 d6 8. exd6
Bxd6 9. d3 O-O 10. O-O e5 11. h3 Nf6 12. Bg5 h6 13. Bxf6 Qxf6 14. Ne4 Qe7 15.
Nxd6 Qxd6 16. Rfe1 Re8 17. Nd2 Bd7 18. Nc4 Qc7 19. Qh5 b5 20. Nxe5 Nxe5 21. Bxa8
g6 22. Qe2 Bc6 23. Bxc6 Qxc6 24. Qxe5 Rxe5 25. Rxe5 c4 26. dxc4 bxc4 27. Rd1 Qb7
28. b3 cxb3 29. cxb3 Qc7 30. Red5 h5 31. h4 Qc2 32. R1d2 Qc1+ 33. Kh2 Kg7 34.
Rd7 Qe1 35. b4 a6 36. a4 g5 37. hxg5 h4 38. gxh4 Qe5+ 39. Kh3 Qf5+ 40. Kg3 Qe5+
41. Kf3 Qf5+ 42. Kg3 Qe5+ 43. Kg2 Qe4+ 44. f3 Qxh4 45. R7d4 Qe1 46. b5 axb5 47.
axb5 Qb1 48. Rd5 Qb4 49. Re2 Qc4 50. Rde5 Qd4 51. Re7 Qc5 52. R7e5 Qd4 53. R5e4
Qc3 54. Rf4 Qc1 55. Rb4 Qc5 56. Reb2 Kf8 57. b6 Qxg5+ 58. Kf1 Qc1+ 59. Ke2 Qg1
60. b7 Qg2+ 61. Ke3 Qg1+ 62. Kd3 Qd1+ 63. Ke4 Qe1+ 64. Kf4 Qc1+ 65. Kg3 Qg1+ 66.
Kf4 Qc1+ 67. Ke4 Qc6+ 68. Ke3 Qc3+ 69. Kf2 Qc5+ 70. Kg2 Qg5+ 71. Rg4 1-0

[Event "Mondiale Semilampo 2016"]
[Site "Doha QAT"]
[Date "2016.12.27"]
[Round "10.23"]
[White "Karjakin, Sergey"]
[Black "Lu, Shanglei"]
[Result "1-0"]
[WhiteTitle "GM"]
[BlackTitle "GM"]
[WhiteElo "2785"]
[BlackElo "2627"]
[WhiteFideId "14109603"]
[BlackFideId "8603332"]
[EventDate "2016.12.26"]

1. Nf3 d5 2. e3 Nf6 3. c4 c6 4. Nc3 e6 5. b3 Nbd7 6. Bb2 Bd6 7. d4 b6 8. Bd3 Bb7
9. O-O O-O 10. Qc2 Qe7 11. Rad1 Rac8 12. Qb1 c5 13. cxd5 exd5 14. Bf5 Rcd8 15.
Rfe1 Rfe8 16. Bh3 Ne4 17. dxc5 Ndxc5 18. Nb5 Bb8 19. Nbd4 Qf8 20. g3 Bc8 21.
Bxc8 Rxc8 22. Nf5 f6 23. Rxd5 g6 24. N5h4 Rcd8 25. Red1 Rxd5 26. Rxd5 Rd8 27.
Qd1 Rxd5 28. Qxd5+ Qf7 29. Qa8 Qc7 30. Nd4 Nxf2 31. Qd5+ Qf7 32. Qd8+ Qf8 33.
Qxf8+ Kxf8 34. Kxf2 Nd3+ 35. Ke2 Nxb2 36. Kd2 1-0

[Event "Mondiale Semilampo 2016"]
[Site "Doha QAT"]
[Date "2016.12.27"]
[Round "10.24"]
[White "Wojtaszek, Radoslaw"]
[Black "Jumabayev, Rinat"]
[Result "1/2-1/2"]
[WhiteTitle "GM"]
[BlackTitle "GM"]
[WhiteElo "2749"]
[BlackElo "2611"]
[WhiteFideId "1118358"]
[BlackFideId "13702661"]
[EventDate "2016.12.26"]

1. Nf3 Nf6 2. c4 g6 3. Nc3 d5 4. cxd5 Nxd5 5. Qb3 Nb6 6. d4 Bg7 7. e4 Bg4 8.
Bb5+ c6 9. Ng5 O-O 10. Be2 Bxe2 11. Nxe2 h6 12. Nf3 Na6 13. Be3 Qd6 14. O-O Qb4
15. Qxb4 Nxb4 16. Rfc1 Rfd8 17. a3 Na6 18. Rc2 Nc8 19. Nd2 Nd6 20. f3 Nb5 21.
Rc4 e5 22. dxe5 Bxe5 23. Rc2 Bg7 24. Nc4 Rd3 25. Kf2 Rad8 26. e5 c5 27. Re1 b6
28. Bc1 Nd4 29. Nxd4 R3xd4 30. f4 Nc7 31. Be3 Rd3 32. Ke2 Ne6 33. a4 h5 34. Rc3
R3d5 35. Rcc1 f6 36. Rcd1 fxe5 37. fxe5 Bxe5 38. Nxe5 Rxe5 39. Rxd8+ Nxd8 40.
Rd1 Nc6 41. Kf3 Kf7 42. h3 Ke6 43. g4 hxg4+ 44. hxg4 Rd5 45. Rh1 Ne5+ 46. Kf4
Nd3+ 47. Ke4 Nxb2 48. Rh6 Re5+ 49. Kf3 Kf6 50. a5 Nc4 51. Bf4 Re1 52. Rh7 Nxa5
53. Rxa7 Nc6 54. Ra6 Nd4+ 55. Kg3 Re6 56. Bc7 b5 57. Ra8 Kf7 58. Rb8 Rc6 59. Be5
Ke6 60. Bxd4 cxd4 61. Rxb5 d3 62. Kf2 Rd6 63. Ke1 Kf6 64. g5+ Ke6 65. Kd2 Rd4
66. Ra5 Rd6 67. Rb5 Rd8 68. Ra5 Rd6 69. Rb5 Rd4 70. Ra5 Rd6 71. Rb5 Rd5 72. Rxd5
Kxd5 73. Kxd3 Ke5 74. Ke3 Kf5 75. Kf3 Ke5 1/2-1/2

[Event "Mondiale Semilampo 2016"]
[Site "Doha QAT"]
[Date "2016.12.27"]
[Round "10.25"]
[White "Tregubov, Pavel V."]
[Black "Dreev, Aleksey"]
[Result "0-1"]
[WhiteTitle "GM"]
[BlackTitle "GM"]
[WhiteElo "2585"]
[BlackElo "2652"]
[WhiteFideId "4115341"]
[BlackFideId "4100107"]
[EventDate "2016.12.26"]

1. d4 d5 2. c4 c6 3. cxd5 cxd5 4. Bf4 Nf6 5. Nc3 Nc6 6. e3 Bg4 7. Qb3 Na5 8.
Qa4+ Bd7 9. Qc2 e6 10. Bd3 Nh5 11. Be5 Nc6 12. Qe2 Nxe5 13. dxe5 g6 14. Nf3 Bb4
15. O-O O-O 16. a3 Bxc3 17. bxc3 Qa5 18. Qb2 Qc7 19. a4 Rab8 20. Rfc1 Bc6 21. c4
Qa5 22. cxd5 Qxd5 23. Bb5 Rfc8 24. Rd1 Qc5 25. Bxc6 bxc6 26. Qd4 Qxd4 27. Nxd4
Ng7 28. Rab1 Rxb1 29. Rxb1 Nf5 30. Nxf5 exf5 31. Rb7 c5 32. Kf1 c4 33. Ke2 c3
34. Kd1 a5 35. Ra7 Rd8+ 36. Kc2 Rd2+ 37. Kxc3 Rxf2 38. g3 Rxh2 39. Rxa5 Ra2 40.
Ra8+ Kg7 41. Ra7 Kf8 42. Kb3 Re2 43. a5 Rxe3+ 44. Kb4 Re4+ 45. Kc5 Rxe5+ 46. Kb6
Re6+ 47. Kb5 Re5+ 48. Kb6 Re3 49. a6 Rxg3 50. Rc7 Rb3+ 51. Kc6 Ra3 52. a7 Kg7
53. Kb7 f4 54. a8=Q Rxa8 55. Kxa8 g5 56. Kb7 f3 57. Kb6 f2 0-1

[Event "Mondiale Semilampo 2016"]
[Site "Doha QAT"]
[Date "2016.12.27"]
[Round "10.27"]
[White "Halkias, Stelios"]
[Black "Bok, Benjamin"]
[Result "1-0"]
[WhiteTitle "GM"]
[BlackTitle "GM"]
[WhiteElo "2585"]
[BlackElo "2598"]
[WhiteFideId "4201809"]
[BlackFideId "1017063"]
[EventDate "2016.12.26"]

1. e4 c5 2. Nf3 d6 3. Bb5+ Nd7 4. O-O a6 5. Bd3 Ngf6 6. c3 b5 7. Bc2 Bb7 8. Re1
c4 9. b3 e6 10. a4 Be7 11. axb5 axb5 12. Rxa8 Qxa8 13. Na3 cxb3 14. Bxb3 Bxe4
15. Nxb5 O-O 16. Bc2 Bxf3 17. Qxf3 Qxf3 18. gxf3 Ne5 19. Kg2 Rb8 20. Nd4 Nd5 21.
d3 Bf6 22. Bd2 Ng6 23. Ne2 Be5 24. d4 Nh4+ 25. Kh3 Nxf3 26. dxe5 Nxe1 27. Bxe1
dxe5 28. c4 Rb2 29. cxd5 Rxc2 30. d6 Kf8 31. Bb4 Ke8 32. Nc3 Rb2 33. Ba5 Kd7 34.
Ne4 f5 35. Bc3 Rb3 36. Nc5+ Kxd6 37. Nxb3 g5 38. Kg3 Kd5 39. Nd2 h6 40. f3 h5
41. h3 g4 42. fxg4 fxg4 43. hxg4 hxg4 44. Kxg4 e4 45. Kf4 e3 46. Kxe3 e5 47. Nf3
e4 48. Nd2 Ke6 49. Kxe4 Kd6 50. Nb3 Kc6 51. Ke5 Kb6 52. Kd5 Kb5 53. Nd4+ Kb6 54.
Kd6 Kb7 55. Ba5 Ka6 56. Bc7 Kb7 57. Kd7 Ka8 58. Kc6 Ka7 59. Ne6 Ka8 60. Bb6 Kb8
61. Nc7 Kc8 62. Ba7 Kd8 63. Nd5 Ke8 64. Kd6 Kf7 65. Ne7 Kf6 66. Be3 Kf7 67. Bg5
Ke8 68. Nc6 Kf8 69. Ne5 Kg8 70. Ke6 Kg7 71. Ke7 Kg8 72. Bh6 Kh7 73. Bf8 Kg8 74.
Ng4 Kh7 75. Kf7 Kh8 76. Bg7+ 1-0

[Event "Mondiale Semilampo 2016"]
[Site "Doha QAT"]
[Date "2016.12.27"]
[Round "10.28"]
[White "Volokitin, Andrei"]
[Black "Khusnutdinov, Rustam"]
[Result "1/2-1/2"]
[WhiteTitle "GM"]
[BlackTitle "GM"]
[WhiteElo "2649"]
[BlackElo "2458"]
[WhiteFideId "14107090"]
[BlackFideId "13701703"]
[EventDate "2016.12.26"]

1. e4 e6 2. d4 d5 3. e5 c5 4. c3 Nc6 5. Nf3 Qb6 6. Na3 cxd4 7. cxd4 Bxa3 8. bxa3
Bd7 9. Qd3 Na5 10. Bd2 Nc4 11. Bb4 Ne7 12. Qb3 Nf5 13. Rd1 a5 14. Bc5 Qc6 15. a4
b6 16. Bxc4 dxc4 17. Qxb6 Qxb6 18. Bxb6 O-O 19. Kd2 Bxa4 20. Rb1 Bc6 21. Bc5
Rfb8 22. Kc3 Be4 23. Rxb8+ Rxb8 24. Rc1 f6 25. exf6 gxf6 26. Nd2 Bd5 27. g4 Nh4
28. Rb1 Rxb1 29. Nxb1 Nf3 30. Bd6 e5 31. dxe5 fxe5 32. h3 Kf7 33. Na3 Ke6 34.
Bc7 Ng5 35. Nxc4 Ne4+ 36. Kd3 Nxf2+ 37. Ke3 Nxh3 38. Nxe5 Bxa2 39. Nd3 Ng5 1/2-1/2

[Event "Mondiale Semilampo 2016"]
[Site "Doha QAT"]
[Date "2016.12.27"]
[Round "10.29"]
[White "Firouzja, Alireza"]
[Black "Quparadze, Giga"]
[Result "1-0"]
[WhiteTitle "IM"]
[BlackTitle "IM"]
[WhiteElo "2456"]
[BlackElo "2481"]
[WhiteFideId "12573981"]
[BlackFideId "13602250"]
[EventDate "2016.12.26"]

1. e4 c5 2. Nf3 e6 3. d4 cxd4 4. Nxd4 a6 5. c4 Nf6 6. Nc3 Qc7 7. a3 b6 8. Be2
Bb7 9. f3 d6 10. O-O Be7 11. Be3 O-O 12. Rc1 Nbd7 13. Qd2 Rac8 14. b4 Qb8 15.
Nb3 Bd8 16. Rfd1 Bc7 17. Bf4 Ne5 18. Bxe5 dxe5 19. c5 Qa7 20. Kh1 Rcd8 21. Qe3
b5 22. Rxd8 Rxd8 23. Bxb5 axb5 24. Nxb5 Qb8 25. Nxc7 Qxc7 26. b5 h5 27. c6 Ba8
28. h3 Rb8 29. a4 h4 30. Qf2 Qd6 31. Qc5 Qd3 32. Qc3 Qd6 33. Qc5 Qd3 34. Qc2 Qe3
35. Qd2 Qxb3 36. c7 Rc8 37. Qd8+ Kh7 38. Qxc8 Qe3 39. Rd1 Bxe4 40. Qd8 Nh5 41.
c8=Q Ng3+ 42. Kh2 Qf4 43. Qc1 Nf1+ 44. Kg1 Qh2+ 45. Kxf1 Bxf3 46. Qxh4+ Kg6 47.
Qcg5# 1-0

[Event "Mondiale Semilampo 2016"]
[Site "Doha QAT"]
[Date "2016.12.27"]
[Round "10.30"]
[White "Pichot, Alan"]
[Black "Adly, Ahmed"]
[Result "0-1"]
[WhiteTitle "GM"]
[BlackTitle "GM"]
[WhiteElo "2544"]
[BlackElo "2599"]
[WhiteFideId "110973"]
[BlackFideId "10601619"]
[EventDate "2016.12.26"]

1. e4 c5 2. Nf3 d6 3. d4 Nf6 4. Nc3 cxd4 5. Nxd4 a6 6. Qf3 e5 7. Nf5 Be6 8. Bg5
Nbd7 9. O-O-O Qc7 10. g4 Rc8 11. Kb1 Qa5 12. Nd5 Qa4 13. Bd3 Bxd5 14. exd5 Qxg4
15. Qe3 Nxd5 16. Qd2 Qb4 17. Qxb4 Nxb4 18. Be4 Nc5 19. Bg2 Ne6 20. Be3 Nc6 21.
Nxd6+ Bxd6 22. Rxd6 Ke7 23. Rd3 Rhd8 24. Rc3 f5 25. Re1 Kf6 26. Bc1 h6 27. a3
Ned4 28. h4 b5 29. h5 Ne7 30. Bb7 Rxc3 31. bxc3 Ne6 32. Bxa6 Rb8 33. Rd1 Rb6 0-1

[Event "Mondiale Semilampo 2016"]
[Site "Doha QAT"]
[Date "2016.12.27"]
[Round "10.31"]
[White "Xu, Yi"]
[Black "Jobava, Baadur"]
[Result "1/2-1/2"]
[WhiteTitle "IM"]
[BlackTitle "GM"]
[WhiteElo "2430"]
[BlackElo "2702"]
[WhiteFideId "8605564"]
[BlackFideId "13601520"]
[EventDate "2016.12.26"]

1. e4 e5 2. Nf3 Nf6 3. d4 d6 4. dxe5 Nxe4 5. Bc4 c6 6. O-O d5 7. Bd3 Nc5 8. Be2
Be7 9. Be3 O-O 10. c4 dxc4 11. Bxc4 Be6 12. Bxe6 Nxe6 13. Nc3 Na6 14. Qe2 Nac7
15. Rfd1 Qc8 16. Rac1 Rd8 17. Qc4 h6 18. h3 Rxd1+ 19. Rxd1 Qe8 20. Qg4 Kf8 21.
Nh4 Bxh4 22. Qxh4 Qe7 23. Qe4 Kg8 24. Qg4 Nf8 25. f4 Ne8 26. Ne4 b6 27. f5 Qxe5
28. Bd4 h5 29. Qf3 Qc7 30. Qxh5 Rd8 31. Bc3 Rxd1+ 32. Qxd1 Qf4 33. Qd3 Nc7 34.
Qd4 Qh6 35. Bd2 Qh5 36. Bc3 Qh6 37. Bd2 Qh5 38. Bc3 f6 39. Qc4+ Nd5 40. Ng3 Qe8
41. Ne4 Kh7 42. Kh1 Nd7 43. Nd6 Qe7 44. Qxc6 Nxc3 45. bxc3 Qe1+ 46. Kh2 Qe5+ 47.
Kh1 Nc5 48. Nb5 Ne4 49. Nd4 Ng3+ 50. Kg1 Nxf5 51. Nxf5 Qxf5 52. Qa4 a5 53. c4
Qc5+ 54. Kh2 Qe5+ 55. Kh1 Qd4 56. Qb3 Kh6 57. Kh2 g6 58. Kg3 f5 59. Kh2 Kg5 60.
Qg3+ Kf6 61. Qb3 Ke5 62. Kh1 f4 63. Qb5+ Kf6 64. Qc6+ Kg5 65. a4 Qc5 66. Qe6 Qe3
67. Qg4+ Kf6 68. Qh4+ Kg7 69. Qd8 Qe1+ 70. Kh2 Qg3+ 71. Kh1 f3 72. Qe7+ Kg8 73.
Qe6+ Kg7 74. Qe7+ Kg8 75. Qd8+ Kg7 76. Qe7+ 1/2-1/2

[Event "Mondiale Semilampo 2016"]
[Site "Doha QAT"]
[Date "2016.12.27"]
[Round "10.32"]
[White "Amin, Bassem"]
[Black "Lalith, Babu M R"]
[Result "1/2-1/2"]
[WhiteTitle "GM"]
[BlackTitle "GM"]
[WhiteElo "2662"]
[BlackElo "2587"]
[WhiteFideId "10601457"]
[BlackFideId "5024595"]
[EventDate "2016.12.26"]

1. Nf3 Nf6 2. g3 d5 3. Bg2 e6 4. O-O Be7 5. d3 O-O 6. Nbd2 a5 7. e4 a4 8. e5
Nfd7 9. Re1 a3 10. b3 Bb4 11. c4 Bc3 12. Rb1 Nc6 13. cxd5 exd5 14. d4 Nb6 15.
Qc2 Bxd4 16. b4 Qe7 17. b5 Nb4 18. Qb3 Bc5 19. Bxa3 Rxa3 20. Qxa3 Bf5 21. Rbc1
Bxf2+ 22. Kh1 Ra8 23. Qc3 Bxe1 24. Rxe1 Rxa2 25. Nd4 Be6 26. Nxe6 fxe6 27. Bh3
Rc2 28. Qd4 h6 29. Nf3 Rc4 30. Qd2 Nd7 31. Rb1 Nf8 32. Nd4 c5 33. bxc6 Nxc6 34.
Nxe6 Nxe6 35. Qxd5 Rc5 36. Qxe6+ Qxe6 37. Bxe6+ Kf8 38. Rxb7 1/2-1/2

[Event "Mondiale Semilampo 2016"]
[Site "Doha QAT"]
[Date "2016.12.27"]
[Round "10.33"]
[White "Fressinet, Laurent"]
[Black "Debashis, Das"]
[Result "1/2-1/2"]
[WhiteTitle "GM"]
[BlackTitle "GM"]
[WhiteElo "2672"]
[BlackElo "2472"]
[WhiteFideId "608742"]
[BlackFideId "5024854"]
[EventDate "2016.12.26"]

1. d4 d5 2. c4 c6 3. Nc3 Nf6 4. e3 e6 5. Nf3 Nbd7 6. Qc2 Bd6 7. b3 O-O 8. Be2 b6
9. O-O Bb7 10. Bb2 Qe7 11. Rad1 Rad8 12. Rfe1 Rfe8 13. g3 h6 14. Bf1 Bb4 15. Bg2
Ne4 16. Rf1 Nxc3 17. Bxc3 Bxc3 18. Qxc3 c5 19. cxd5 Bxd5 20. Rfe1 Bb7 21. e4
cxd4 22. Nxd4 Nf6 23. f3 Rd7 24. Ne2 Red8 25. Rxd7 Rxd7 26. Rc1 Qd8 27. Bf1 Ba6
28. Kf2 Rd2 29. Rc2 Rd1 30. Rc1 Rd2 31. Rc2 Rd1 32. Rc1 Rd2 1/2-1/2

[Event "Mondiale Semilampo 2016"]
[Site "Doha QAT"]
[Date "2016.12.27"]
[Round "10.34"]
[White "Mchedlishvili, Mikheil"]
[Black "Naiditsch, Arkadij"]
[Result "1/2-1/2"]
[WhiteTitle "GM"]
[BlackTitle "GM"]
[WhiteElo "2601"]
[BlackElo "2687"]
[WhiteFideId "13600966"]
[BlackFideId "4650891"]
[EventDate "2016.12.26"]

1. c4 Nf6 2. Nc3 g6 3. e4 d6 4. d4 Bg7 5. h3 O-O 6. Bg5 Nbd7 7. Nf3 a6 8. Bd3 c5
9. d5 b5 10. O-O bxc4 11. Bxc4 Ne8 12. Re1 Nc7 13. Qd2 Rb8 14. Bh6 Bxh6 15. Qxh6
f6 16. Qd2 Ne5 17. Be2 Nb5 18. Nxe5 fxe5 19. Bxb5 axb5 20. b4 cxb4 21. Nd1 Qa5
22. Rb1 Ra8 23. Re2 Bd7 24. Rxb4 Rfc8 25. Ne3 Qa3 26. Rb3 Qc1+ 27. Kh2 Qxd2 28.
Rxd2 Ra4 29. f3 Rc1 30. Rbb2 Kf7 31. Kg3 Rc3 32. Kf2 Rca3 33. Rdc2 g5 34. Nd1 h5
35. Nc3 Rc4 36. Nb1 Raa4 37. Rxc4 Rxc4 38. Na3 Rc5 39. Nc2 g4 40. hxg4 hxg4 41.
Nb4 Rc4 42. Ke3 g3 43. Nd3 Ra4 44. Nc1 Kf6 45. Ne2 Ra3+ 46. Kd2 Ra8 47. Nxg3 Rg8
48. Nh5+ Kg5 49. g4 Be8 50. Ke3 Bxh5 51. gxh5 Ra8 52. Rxb5 Rxa2 53. Rb8 Kxh5 54.
Re8 Ra7 55. Rg8 Kh4 56. Rg7 Kh3 57. Kf2 Ra2+ 58. Ke1 Ra7 59. Ke2 Rb7 60. Kf2
Rb2+ 61. Kf1 Rb7 62. Ke2 Kh4 63. Ke3 Kh5 64. Rg8 1/2-1/2

[Event "Mondiale Semilampo 2016"]
[Site "Doha QAT"]
[Date "2016.12.27"]
[Round "10.35"]
[White "Bindrich, Falko"]
[Black "Banikas, Hristos"]
[Result "0-1"]
[WhiteTitle "GM"]
[BlackTitle "GM"]
[WhiteElo "2590"]
[BlackElo "2568"]
[WhiteFideId "4676670"]
[BlackFideId "4202031"]
[EventDate "2016.12.26"]

1. d4 Nf6 2. c4 g6 3. Nc3 Bg7 4. e4 d6 5. h3 O-O 6. Bg5 Na6 7. Nf3 e5 8. d5 Qe8
9. Nd2 Nh5 10. Be2 Nf4 11. O-O h6 12. Bh4 f5 13. Bg3 Nc5 14. b4 Nxe4 15. Ndxe4
fxe4 16. Nxe4 Bf5 17. f3 a5 18. b5 b6 19. Qd2 g5 20. Rae1 Qg6 21. Bd1 h5 22. Bc2
Bh6 23. Qc3 Rf7 24. Bd1 g4 25. h4 Raf8 26. Kh2 Nxg2 27. Kxg2 Bxe4 28. Rxe4 gxf3+
29. Bxf3 Rxf3 30. Rxf3 Qxe4 31. Qd3 Qxd3 32. Rxd3 Bf4 33. Be1 Kh7 34. Rd1 Rf6
35. Bf2 Kg6 36. Kf3 Kf5 37. Rg1 e4+ 38. Ke2 Rg6 39. Re1 Rg2 40. Kf1 Rh2 41. Kg1
Rh3 42. Kg2 Rc3 43. Rf1 Kg4 44. c5 dxc5 45. Re1 e3 46. Bg1 Rc2+ 47. Kh1 Kf3 0-1

[Event "Mondiale Semilampo 2016"]
[Site "Doha QAT"]
[Date "2016.12.27"]
[Round "10.36"]
[White "Adhiban, Baskaran"]
[Black "Atabayev, Maksat"]
[Result "1/2-1/2"]
[WhiteTitle "GM"]
[BlackTitle "GM"]
[WhiteElo "2666"]
[BlackElo "2492"]
[WhiteFideId "5018471"]
[BlackFideId "14001101"]
[EventDate "2016.12.26"]

1. d4 Nf6 2. Nf3 e6 3. e3 d5 4. Bd3 c5 5. b3 Nc6 6. O-O Bd6 7. Bb2 Qc7 8. dxc5
Bxc5 9. c4 dxc4 10. Bxc4 Be7 11. Nbd2 O-O 12. Rc1 a6 13. Qc2 Qb8 14. Ne4 e5 15.
Nxf6+ Bxf6 16. Ba3 Rd8 17. h3 Bd7 18. Rfd1 Be8 19. Nd2 Qc7 20. Ne4 Be7 21. Qb2
Rxd1+ 22. Rxd1 Rd8 23. Rc1 h6 24. Bxe7 Qxe7 25. a3 a5 26. Bb5 Rd5 27. Bc4 Rd8
28. Be2 Na7 29. b4 Bc6 30. Ng3 axb4 31. axb4 b5 32. Rc5 Rd5 33. Rc2 Rd8 34. Kh2
g6 35. Qa1 h5 36. Rc5 h4 37. Nf1 Rd5 38. Rc2 Rd7 39. Qc1 Qd6 40. Kg1 Kg7 41. Rc5
Re7 42. Nd2 f6 43. Bf3 Bxf3 44. Nxf3 g5 45. e4 Rd7 46. Kh2 Kg6 47. Rd5 Qe7 48.
Rxd7 Qxd7 49. Qxg5+ fxg5 50. Nxe5+ Kf6 51. Nxd7+ Ke6 52. Nc5+ Ke5 53. g3 Nc6 54.
gxh4 gxh4 55. Kg2 Nxb4 56. Kf3 Nc2 57. Nb3 Nd4+ 58. Nxd4 Kxd4 59. Kf4 b4 60. e5
Kd5 61. e6 Kxe6 62. Ke4 Kf6 63. Kd4 Kf5 64. Kc4 Kf4 65. Kxb4 Kf3 66. Kc3 Kxf2
67. Kd2 Kg2 68. Ke2 Kxh3 69. Kf3 1/2-1/2

[Event "Mondiale Semilampo 2016"]
[Site "Doha QAT"]
[Date "2016.12.27"]
[Round "10.37"]
[White "Ganguly, Surya Shekhar"]
[Black "Quintiliano Pinto, Renato R."]
[Result "1-0"]
[WhiteTitle "GM"]
[BlackTitle "IM"]
[WhiteElo "2668"]
[BlackElo "2484"]
[WhiteFideId "5002150"]
[BlackFideId "2117568"]
[EventDate "2016.12.26"]

1. e4 c5 2. Nf3 d6 3. d4 cxd4 4. Nxd4 Nf6 5. Nc3 g6 6. Be3 Bg7 7. f3 O-O 8. Qd2
Nc6 9. O-O-O d5 10. Qe1 e5 11. Nxc6 bxc6 12. exd5 Nxd5 13. Bc4 Be6 14. Kb1 Rb8
15. Ne4 f5 16. Bxa7 Qe7 17. Bc5 Qb7 18. Bb3 fxe4 19. Bxf8 Rxf8 20. fxe4 Nf4 21.
Qc3 Bxb3 22. Qxb3+ Qxb3 23. cxb3 Ne6 24. Rhf1 Rc8 25. Rd6 Nc5 26. Rfd1 Rc7 27.
Rd8+ Kf7 28. b4 Ne6 29. R1d7+ Rxd7 30. Rxd7+ Ke8 31. Ra7 h5 32. Kc2 Bf8 33. Kc3
Bd6 34. Kc4 Bc7 35. Ra8+ Bd8 36. a4 h4 37. Ra7 Bc7 38. a5 Kd7 39. a6 Ng5 40. Kd3
h3 41. gxh3 Nxh3 42. Ra8 Nf2+ 43. Ke2 Nxe4 44. a7 Bb6 45. Rd8+ Bxd8 46. a8=Q Nd6
47. Qa7+ Bc7 48. Qg1 1-0

[Event "Mondiale Semilampo 2016"]
[Site "Doha QAT"]
[Date "2016.12.27"]
[Round "10.38"]
[White "Potapov, Pavel"]
[Black "Grandelius, Nils"]
[Result "1-0"]
[WhiteTitle "GM"]
[BlackTitle "GM"]
[WhiteElo "2493"]
[BlackElo "2643"]
[WhiteFideId "4169786"]
[BlackFideId "1710400"]
[EventDate "2016.12.26"]

1. e4 c5 2. c3 Nf6 3. e5 Nd5 4. Bc4 e6 5. d4 cxd4 6. cxd4 d6 7. Nf3 Be7 8. O-O
O-O 9. Qe2 b6 10. Rd1 Bb7 11. Bxd5 Bxd5 12. Nc3 Qd7 13. Nxd5 exd5 14. Re1 Nc6
15. e6 fxe6 16. Qxe6+ Qxe6 17. Rxe6 Rad8 18. Bd2 Bf6 19. Rc1 Rc8 20. Kf1 Rfd8
21. g4 Kf7 22. Rce1 h6 23. Bf4 Nb4 24. g5 hxg5 25. Bxg5 Nd3 26. R1e3 Rd7 27.
Rxf6+ gxf6 28. Rxd3 fxg5 29. Nxg5+ Kg6 30. Rg3 Kf5 31. h4 Rh8 32. Rf3+ Kg4 33.
Rg3+ Kh5 34. Ne6 Rf7 35. Kg2 Kh6 36. Ng5 Rf5 37. Re3 Rhf8 38. f3 Rf4 39. Kg3
R4f6 40. Re7 Rc8 41. Kg4 Rff8 42. h5 Rh8 43. Nf7+ 1-0